000 00432nam a2200169Ia 4500
008 230718s9999 xx 000 0 und d
041 _aeng
082 _a005.14
_bFEN
100 _aFenton N.E.
245 _aSoftware Metrics
_bA Rigorous And Pracatical Approach
250 _a2nd ed.
260 _c2002
_bThompson
300 _a638
365 _cRs.
_b439.45
700 _aFenton N.E. & Pfleeger S.L.
906 _cCOMP
_b70.312
999 _c304010
_d304010